Integración financiera regional : (Registro nro. 11923)
[ vista simple ]
| 000 -LEADER | |
|---|---|
| fixed length control field | 01177nam a2200241Ia 4500 |
| 003 - CONTROL NUMBER IDENTIFIER | |
| control field | OSt |
| 005 - DATE AND TIME OF LATEST TRANSACTION | |
| control field | 20210716104923.0 |
| 008 - FIXED-LENGTH DATA ELEMENTS--GENERAL INFORMATION | |
| fixed length control field | 210310s2015 ck ad gr 000 0 spa d |
| 040 ## - CATALOGING SOURCE | |
| Original cataloging agency | CO-JMCR |
| Transcribing agency | CO-JMCR |
| 041 0# - LANGUAGE CODE | |
| Language code of text/sound track or separate title | spa |
| 082 04 - DEWEY DECIMAL CLASSIFICATION NUMBER | |
| Classification number | 332.6725 / |
| Item number | B213i |
| Edition number | 23 |
| 110 2# - MAIN ENTRY--CORPORATE NAME | |
| Corporate name or jurisdiction name as entry element | Banco de Desarrollo de América Latina |
| Relator term | autor |
| 9 (RLIN) | 6178 |
| 245 10 - TITLE STATEMENT | |
| Title | Integración financiera regional : |
| Remainder of title | la mejor tuta a seguir / |
| Statement of responsibility, etc. | Federación Iberoamericana de Bolsas , Banco de Desarrollo de América Latina |
| 260 ## - PUBLICATION, DISTRIBUTION, ETC. | |
| Place of publication, distribution, etc. | Bogotá : |
| Name of publisher, distributor, etc. | FIAB, |
| Date of publication, distribution, etc. | 2015 |
| 300 ## - PHYSICAL DESCRIPTION | |
| Extent | 104 páginas : |
| Other physical details | ilustraciones y gráficas a color ; |
| Dimensions | 22 cm, + |
| Accompanying material | 1 CD. |
| 501 ## - WITH NOTE | |
| With note | Con: notas a pie de página. |
| 505 0# - FORMATTED CONTENTS NOTE | |
| Title | Consideraciones sobre el estudio. / |
| Statement of responsibility | Mauricio Cárdenas Santamaría. -- |
| Title | Plan de trabajo FIAB 2013-2015. / |
| Statement of responsibility | Juan Pablo Córdoba. -- |
| Title | Primer componente del proyecto FIAB-CAF. / |
| Statement of responsibility | Javier de la Cruz Gonzáles. -- |
| Title | Posibilidades de utilización. |
| 650 14 - SUBJECT ADDED ENTRY--TOPICAL TERM | |
| Topical term or geographic name entry element | Mercado de capitales |
| Geographic subdivision | América Latina |
| 9 (RLIN) | 38517 |
| 650 24 - SUBJECT ADDED ENTRY--TOPICAL TERM | |
| Topical term or geographic name entry element | Finanzas |
| Geographic subdivision | América Latina. |
| 9 (RLIN) | 38518 |
| 650 24 - SUBJECT ADDED ENTRY--TOPICAL TERM | |
| Topical term or geographic name entry element | Integración económica |
| Geographic subdivision | América Latina. |
| 9 (RLIN) | 38519 |
| 710 1# - ADDED ENTRY--CORPORATE NAME | |
| Corporate name or jurisdiction name as entry element | Federación Iberoamericana de Bolsas |
| Relator term | autor |
| 9 (RLIN) | 38520 |
| 942 ## - ADDED ENTRY ELEMENTS (KOHA) | |
| Source of classification or shelving scheme | Dewey Decimal Classification |
| Koha item type | Books |
| Withdrawn status | Lost status | Source of classification or shelving scheme | Damaged status | Not for loan | Home library | Current library | Shelving location | Date acquired | Source of acquisition | Full call number | Barcode | Date last seen | Copy number | Price effective from | Koha item type | Total Checkouts |
|---|---|---|---|---|---|---|---|---|---|---|---|---|---|---|---|---|
| Dewey Decimal Classification | Biblioteca Pública José María del Castillo y Rada | Biblioteca Pública José María del Castillo y Rada | General Stacks | 04/15/2018 | Donación | 332.6725 / B213i | 430000460 | 05/16/2024 | Ej.1 | 03/10/2021 | Books | |||||
| Dewey Decimal Classification | Biblioteca Pública José María del Castillo y Rada | Biblioteca Pública José María del Castillo y Rada | Audio Visual | 04/15/2018 | Donación | 332.6725 / B213i | 201811102 | 07/16/2021 | Ej.1 | 03/10/2021 | Visual Materials |